000 00967nam a22001817a 4500
999 _c62508
_d62508
003 Ge_BSU
005 20241119163242.0
008 241119s1988 ge ||||| |||| 00| 0 geo d
041 _ageo
080 _a617-089.17: 616-089.17 კ-95
100 _aკუტუბიძე, ავთანდილ.
_923750
245 _aქირურგიულ დაავადებათა დამახასიათებელი სიმპტომები და სინდრომები /
_cავთანდილ კუტუბიძე.
264 _aთბილისი:
_bთბილ. უნ-ტის გამ-ბა,
_c1988.
300 _a122 გვ. ;
_b20 სმ.
653 _aქირურგიული დაავადებები.
710 _aსაქ. სსრ სახალხო განათლ. სამინ. რესპ. სამეცნ.-მეთოდ. ცენტრი.
_923751
942 _2udc
_cBK